<?xml version="1.0" encoding="UTF-8"?>
<record
    xmlns:xsi="http://www.w3.org/2001/XMLSchema-instance"
    xsi:schemaLocation="http://www.loc.gov/MARC21/slim http://www.loc.gov/standards/marcxml/schema/MARC21slim.xsd"
    xmlns="http://www.loc.gov/MARC21/slim">

  <leader>01631nam a22002897a 4500</leader>
  <controlfield tag="005">20240207110841.0</controlfield>
  <controlfield tag="008">240207b           ||||| |||| 00| 0 eng d</controlfield>
  <datafield tag="020" ind1=" " ind2=" ">
    <subfield code="a">9789388129756</subfield>
  </datafield>
  <datafield tag="040" ind1=" " ind2=" ">
    <subfield code="c">AL</subfield>
  </datafield>
  <datafield tag="041" ind1=" " ind2=" ">
    <subfield code="a">eng</subfield>
  </datafield>
  <datafield tag="082" ind1=" " ind2=" ">
    <subfield code="2">23</subfield>
    <subfield code="a">332.02</subfield>
    <subfield code="b">KAUS</subfield>
  </datafield>
  <datafield tag="100" ind1=" " ind2=" ">
    <subfield code="a">Piyush Kaushik and others</subfield>
    <subfield code="9">149856</subfield>
  </datafield>
  <datafield tag="245" ind1=" " ind2=" ">
    <subfield code="a">Success Master IBPS 2023:</subfield>
    <subfield code="b">Bank Clerk CRP XIII Preliminary Exam</subfield>
  </datafield>
  <datafield tag="260" ind1=" " ind2=" ">
    <subfield code="a">New Delhi</subfield>
    <subfield code="b">Arihant Publications</subfield>
    <subfield code="c">2023</subfield>
  </datafield>
  <datafield tag="300" ind1=" " ind2=" ">
    <subfield code="a">xii,336p.</subfield>
    <subfield code="b">PB</subfield>
    <subfield code="c">26x21cm.</subfield>
  </datafield>
  <datafield tag="365" ind1=" " ind2=" ">
    <subfield code="2">Competitive Exam</subfield>
    <subfield code="a">7548</subfield>
    <subfield code="b">284.00</subfield>
    <subfield code="c">&#x20B9;</subfield>
    <subfield code="d">355.00</subfield>
    <subfield code="e">20%</subfield>
    <subfield code="f">07-2-2024</subfield>
  </datafield>
  <datafield tag="520" ind1=" " ind2=" ">
    <subfield code="a">BOOK STRUCTURE
Solved Papers (2016-2022)
Entire syllabus in 3 major subject heads
BOOK FEATURES
Based on the latest Online Test Pattern
Serves as Success Master with complete coverage of syllabus
Well-explained topics along with figures, tables, etc
More than 5500 MCQs for practice
7 Years&#x2019; Previous Years&#x2019; Solved Papers for examining question types, paper patterns, etc.
WHY THIS BOOK?
Latest revised edition for IBPS 2023- Bank Clerk Exam
Provides subjectwise strategy and Trend Analysis for sure success in the exam
&#x201C;3 Easy Steps to Crack the Exam&#x201D; given at the end of the book
TABLE OF CONTENT:
Solved Papers (2016-2022), Numerical Ability, Reasoning Ability, English Language</subfield>
  </datafield>
  <datafield tag="650" ind1=" " ind2=" ">
    <subfield code="a">Bank Clerical Entrance Exam</subfield>
    <subfield code="9">149848</subfield>
  </datafield>
  <datafield tag="650" ind1=" " ind2=" ">
    <subfield code="a">Competitive Exam</subfield>
    <subfield code="9">149849</subfield>
  </datafield>
  <datafield tag="650" ind1=" " ind2=" ">
    <subfield code="a">Numerical Ability</subfield>
    <subfield code="9">149850</subfield>
  </datafield>
  <datafield tag="650" ind1=" " ind2=" ">
    <subfield code="a">Reasoning Ability</subfield>
    <subfield code="9">149851</subfield>
  </datafield>
  <datafield tag="650" ind1=" " ind2=" ">
    <subfield code="a">English Language</subfield>
    <subfield code="9">149852</subfield>
  </datafield>
  <datafield tag="700" ind1=" " ind2=" ">
    <subfield code="a">KAUSHIK (Piyush) Ed</subfield>
    <subfield code="9">149853</subfield>
  </datafield>
  <datafield tag="700" ind1=" " ind2=" ">
    <subfield code="a">TANWAR (Amit) Ed</subfield>
    <subfield code="9">149854</subfield>
  </datafield>
  <datafield tag="700" ind1=" " ind2=" ">
    <subfield code="a">JAIN (Abhishek) Ed</subfield>
    <subfield code="9">149855</subfield>
  </datafield>
  <datafield tag="942" ind1=" " ind2=" ">
    <subfield code="2">ddc</subfield>
    <subfield code="c">BK</subfield>
  </datafield>
  <datafield tag="999" ind1=" " ind2=" ">
    <subfield code="c">229744</subfield>
    <subfield code="d">229744</subfield>
  </datafield>
  <datafield tag="952" ind1=" " ind2=" ">
    <subfield code="0">0</subfield>
    <subfield code="1">0</subfield>
    <subfield code="2">ddc</subfield>
    <subfield code="4">0</subfield>
    <subfield code="7">0</subfield>
    <subfield code="8">OTH</subfield>
    <subfield code="a">AL</subfield>
    <subfield code="b">AL</subfield>
    <subfield code="d">2024-02-07</subfield>
    <subfield code="e">Biblios Book Point Surathkal Mangalore 575014</subfield>
    <subfield code="g">284.00</subfield>
    <subfield code="l">2</subfield>
    <subfield code="m">1</subfield>
    <subfield code="o">332.02 KAUS</subfield>
    <subfield code="p">077087</subfield>
    <subfield code="r">2024-08-07 00:00:00</subfield>
    <subfield code="s">2024-07-29</subfield>
    <subfield code="v">355.00</subfield>
    <subfield code="w">2024-02-07</subfield>
    <subfield code="y">BK</subfield>
  </datafield>
</record>
